00354nam a22001337a 4500003000400000005001700004008004100021020001800062040002900080100002800109245003600137260003900173300000800212OSt20231121094228.0211021b xxu||||| |||| 00| 0 eng d a9788170336686 cIIMTU UNIVERSITY, MEERUT aS.L.DOSHI AND P.C. JAIN aPRAMUKHA SAMAJSHASTRIYA VICAREK aNEW DELHIbRAWAT PUBLICATIONc2020 a371